000 00446 a2200133 4500
001 ART_45512
005 20260410161731.0
008 260409a
245 1 0 _aFunciones de utilidad y estimación de la aversión al riesgo
100 1 _aChavez, Etelvina Stefani
700 1 _aMilanesi, Gastón S.
700 1 _aPesce, Gabriela
773 0 _tEscritos contables y de administración
_g- Vol. 7, Nº 2 (jul./dic. 2006)
_wREV2758
999 _c17829
_d17829